|
|
|
|
| LEADER |
01305cam a2200325 a 4500 |
| 001 |
13044687 |
| 005 |
20151108124344.0 |
| 008 |
021231r20022001enk d 000 0 eng d |
| 010 |
|
|
|a 2002728835
|
| 015 |
|
|
|a GBA2-X8281
|
| 020 |
|
|
|a 9780199664412
|
| 040 |
|
|
|a UKM
|c UKM
|d DLC
|d BD-DhAAL
|
| 050 |
0 |
0 |
|a PE1628
|b .O945 2002
|
| 082 |
0 |
4 |
|a 423
|2 21
|
| 130 |
0 |
|
|a Oxford paperback dictionary, thesaurus, and wordpower guide
|9 15629
|
| 245 |
1 |
4 |
|a Compact Oxford english dictionary of current language /
|c edited by Catherine Soanes and Sara Hawker.
|
| 250 |
|
|
|a 3rd ed.
|
| 260 |
|
|
|a Oxford ;
|a New York :
|b Oxford University Press,
|c 2008 [Reprinted 2014]
|
| 300 |
|
|
|a ix, 1209 p. :
|c 18 cm.
|
| 500 |
|
|
|a Originally published as: Oxford paperback dictionary, thesaurus, and wordpower guide. 2001.
|
| 541 |
|
|
|e 30062
|
| 650 |
|
0 |
|a English language
|v Dictionaries.
|9 15630
|
| 650 |
|
0 |
|a English language
|x Synonyms and antonyms
|v Dictionaries.
|9 15496
|
| 700 |
1 |
|
|a Soanes, Catherine.
|9 15631
|
| 700 |
1 |
|
|a Spooner, Alan.
|9 15632
|
| 700 |
1 |
|
|a Hawker, Sara.
|9 15633
|
| 852 |
|
|
|a Ayesha Abed Library
|
| 942 |
|
|
|2 ddc
|c BK
|
| 999 |
|
|
|c 35874
|d 35874
|
| 952 |
|
|
|0 0
|1 0
|2 ddc
|4 0
|6 423_000000000000000_COM
|7 0
|9 56670
|a CED
|b CED
|c GEN
|d 2015-11-08
|e STS International
|g 1000.00
|l 0
|o 423 COM
|p 3010030062
|r 2015-11-08
|t 1
|w 2015-11-08
|y BK
|